Szabad lyceum...
Správa o preloženom termíne prednášky Alexa (Elek) Cseh, riaditeľa Humenskej štátnej meštianskej a vyššej obchodnej školy z 8.12 na 15.12.1907. Téma prednášky - Marconiho bezdrôtová telegrafia. Prednášku bude predchádzať klavírny koncert profesora meštianskej školy Júliusa (Gyula) Páli a na záver vy...
| Médium: | Článok |
|---|---|
| Jazyk: | Hungarian |
| Témy: | |
| Zdroj: |
1. Homonna és Vidéke : Vegyes tartalmu közmüvelődési, szépirodalmi és közgazdasági hetilap 1. Roč. 7, č. 50 (12.12.1907) s. 2 |
| LEADER | 01225nab#a2200301#ar4500 | ||
|---|---|---|---|
| 001 | 000073544 | ||
| 003 | SVKKK | ||
| 005 | 19970929xxxxxxx. | ||
| 008 | 06 c xo huno | ||
| FMT | |||
| 038 | |a SVKKK | ||
| 040 | |a SVKKK |b slo |e AACR2 | ||
| 041 | 0 | |a hun | |
| 044 | |a xo |c SK | ||
| 080 | |a 374:373.5/.6 | ||
| 242 | 1 | 0 | |a Slobodné lýceum... |
| 245 | 0 | 0 | |a Szabad lyceum... |
| 500 | |a mikrofilm | ||
| 520 | 2 | |a Správa o preloženom termíne prednášky Alexa (Elek) Cseh, riaditeľa Humenskej štátnej meštianskej a vyššej obchodnej školy z 8.12 na 15.12.1907. Téma prednášky - Marconiho bezdrôtová telegrafia. Prednášku bude predchádzať klavírny koncert profesora meštianskej školy Júliusa (Gyula) Páli a na záver vystúpi miestny spevokol. | |
| 650 | 0 | 4 | |a Slobodné lýceum, Humenné - Marconiho bezdrôtová telegrafia (prdnáška) - Cseh, Alex (riaditeľ) - prednášateľ - Humenné - december 1907 - správy |
| 773 | 0 | |t Homonna és Vidéke : Vegyes tartalmu közmüvelődési, szépirodalmi és közgazdasági hetilap |g Roč. 7, č. 50 (12.12.1907) s. 2 | |
| 957 | |a Humenné | ||
| 958 | |a DG | ||
| 958 | |a SK | ||
| 974 | |a Ba |d 19970929 | ||
| 992 | |a RBX | ||
| BAS | |||
| 998 | |a RETRO | ||